| 000 | 00786nam a22002297a 4500 | ||
|---|---|---|---|
| 999 |
_c2096 _d2096 |
||
| 003 | AR-CdUCM | ||
| 008 | 190301b ||||| |||| 00| 0 spa d | ||
| 020 | _a84-398-4610-X | ||
| 040 |
_aMUNICIPALIDAD PROVINCIAL DEL CUSCO _cBIBLIOTECA MUNICIPAL DEL CUSCO |
||
| 082 |
_a927 / _bH557 |
||
| 100 |
_aAyuntamiento de Granada _97580 |
||
| 245 | _aHernández Quero, Jose / | ||
| 260 |
_aGranada : _bMeridional Impresores S.C.L., _c1985. |
||
| 300 |
_a135 paginas ; _bIlustraciones Laminas. _c25 cm. |
||
| 505 | _aVida de pintor -- El artista y su obra -- Las naturalezas muertas -- El pintor ante la critica... | ||
| 650 |
_aPintura mural _97581 |
||
| 650 |
_aOleos _97582 |
||
| 650 |
_ael arte y su significado _97583 |
||
| 710 |
_aGranada. _97584 |
||
| 942 |
_2ddc _cLIBROS |
||
| 945 | _awnts | ||